000
00290nam a22001337a 4500
008
180209b xxu||||| |||| 00| 0 eng d
020
_a
9780136917182
041
_a
eng
080
_a
821
100
_a
21
101
_a
GJL
245
_a
Prentice Hall Literature
_c
Copper
942
_2
udc
_c
BK
999
_c
42239
_d
42239